MARC

LEADER 00000nam0a2200000 4500
001 154509
005 20231101221754.0
010 |a 9781600216114 
035 |a (RuTPU)RU\TPU\book\167599 
090 |a 154509 
100 |a 20090227d2007 k y0engy50 ba 
101 0 |a eng 
102 |a US 
105 |a a z 001zy 
200 1 |a New Trends in Ionic (Co)Polymers and Hybrids  |f editor E. S. Dragan 
210 |a New York  |c Nova Science Publishers. Inc.  |d 2007 
215 |a 247 p.  |c il. 
320 |a References at the end of chapters. 
606 1 |a Органические полимеры  |2 stltpush  |3 (RuTPU)RU\TPU\subj\67722  |9 83414 
610 1 |a высокомолекулярные вещества 
610 1 |a химическая технология 
610 1 |a биополимеры 
610 1 |a английский язык 
675 |a 678.8  |v 3 
702 1 |a Dragan  |b E. S.  |g Ecaterina Stela  |4 340 
801 1 |a RU  |b 63413507  |c 20090227  |g PSBO 
801 2 |a RU  |b 63413507  |c 20090317  |g PSBO 
942 |c BK